| 000 | 01068cam a22003377a 4500 | ||
|---|---|---|---|
| 003 | CHAP | ||
| 005 | 20220329141657.0 | ||
| 008 | 971013s1981 r 00010 d | ||
| 010 | _a72068 | ||
| 011 | _a73040 | ||
| 035 | _a82597 | ||
| 040 | _cCHAP | ||
| 090 | _aFolleto 4167 No. 79 | ||
| 110 |
_aCanada. Department of Agriculture _918180 |
||
| 245 | 0 | _aGrain mites Acarus siro L. | |
| 260 |
_aOttawa : _b(s.e.), _c1981 |
||
| 300 |
_a2 p. _b: ilus |
||
| 490 | 0 |
_aInsect identification sheet _v; 79 |
|
| 501 | _aEnc. con otros impresos similares | ||
| 590 |
_aBATCH-UPD _b10 _c20130110 _lUCH01 _h1727 |
||
| 590 |
_aBATCH-UPD _b10 _c20130410 _lUCH01 _h1109 |
||
| 590 |
_aBATCH-UPD _b10 _c20130913 _lUCH01 _h1850 |
||
| 590 |
_aCONVERSION _b10 _c20130109 _lUCH01 _h1339 |
||
| 650 | 1 | 4 |
_aAcarus siro. _9408 |
| 650 | 1 | 4 |
_aCereales _xAlmacenamiento _xPlagas. _921378 |
| 650 | 1 | 4 |
_aInsectos _xIdentificación. _958929 |
| 830 | 0 |
_aInsect identification sheet _v; 79 _958853 |
|
| 901 | _aBK | ||
| 942 | _cFOLL | ||
| 949 |
_aFolleto 4167 _bBC _cESP _d-36747 _eESP _fNo.79 _i82597 _mD _si |
||
| 999 |
_c72068 _d72068 |
||